000 00503nam a2200169 a 4500
005 20140310183344.0
008 070306s19uu xx 00 eng d
020 _a0-00-719646-6
050 _aPC 2640
_b.C712 2005
245 _aCollins French dictionary.
260 _aGreat Britain :
_bHarper Collins Publisher,
_c2005.
300 _a640 p. :
_c20 cm.
650 _aFrench language
_xDictionaries
_xEnglish.
650 _aEnglish language
_xDictionaries
_xFrench.
942 _cBK
_2lcc
999 _c21908
_d21908